Oceanian Countries By Lowest Percentage Of Land - Statistics

General Stats
  • This quiz has been taken 29 times
  • The average score is 10 of 10
Answer Stats
Percentage Country % Correct
0.2% Fiji
100%
0.0003% Tuvalu
100%
0.002% Marshall Islands
96%
0.01% Micronesia
96%
0.0002% Nauru
96%
0.01% Palau
96%
0.01% Tonga
96%
0.01% Kiribati
93%
0.03% Samoa
93%
0.1% Vanuatu
93%
No matching quizzes found
Score Distribution
Percent of People with Each Score
Percentile by Number Answered
Your Score History
You have not taken this quiz